Linear Programming and Game Theory (Record no. 3553)

MARC details
000 -LEADER
fixed length control field 00397nam a22001577a 4500
005 - DATE AND TIME OF LATEST TRANSACTION
control field 20180604115658.0
008 - FIXED-LENGTH DATA ELEMENTS--GENERAL INFORMATION
fixed length control field 160622b xxu||||| |||| 00| 0 eng d
041 ## - LANGUAGE CODE
Language code of text/sound track or separate title eng
082 ## - DEWEY DECIMAL CLASSIFICATION NUMBER
Item number 9001
Classification number 519.72
100 ## - MAIN ENTRY--AUTHOR NAME
Personal name Chakravorty & Ghosh
245 ## - TITLE STATEMENT
Title Linear Programming and Game Theory
260 ## - PUBLICATION, DISTRIBUTION, ETC. (IMPRINT)
Name of publisher Moulic Library
Year of publication 1979
300 ## - PHYSICAL DESCRIPTION
Number of Pages 503
650 ## - SUBJECT ADDED ENTRY--TOPICAL TERM
Topical Term information Technology
942 ## - ADDED ENTRY ELEMENTS (KOHA)
Koha item type Books
Holdings
Lost status Damaged status Collection code Home library Current library Shelving location Date acquired Cost, normal purchase price Full call number Accession Number Koha item type
    CS/IT JRU Library JRU Library SHELF-57-C 22/06/2016 150.00 519.72 9001 Books
    CS/IT JRU Library   SHELF-57-C 22/06/2016 150.00 519.72 9002 Books